000 00532nam a2200229Ia 4500
003 OSt
005 20220924140232.0
006 a|||||r|||| 00| 0
007 ta
008 220923b |||||||| |||| 00| 0 ben d
024 _a294181
037 _cTextual
040 _aARTS
_cARTS
_bben
041 _2ben
_aben
082 _aO157,3, H51
100 _aSaha
245 0 _aNishar swapan
260 _c1945
650 _aBENGALI LITERATURE
942 _hO157,3, H51
_cTEXL
_2CC
999 _c443418
_d443418